| 000 | 00697nac a22002051u 4500 | ||
|---|---|---|---|
| 008 | 101103s2002 ii |||||r|||| 00| 0 eng d | ||
| 010 | _a 2001093572 | ||
| 020 | _a0672322870 | ||
| 020 | _a9780672322877 | ||
| 082 | 0 | 0 |
_a005.133 _bFOX _222 |
| 100 |
_aFoxall, James D. _920915 |
||
| 245 | 1 | 0 |
_aSams teach yourself C# in 24 hours / _cJames Foxall ; Wendy Haro-Chun, contributor. |
| 246 | _ateach yourself C# in 24 hours | ||
| 260 |
_aIndianapolis, IN : _bSams Publishing, 2002 _c2002. |
||
| 300 |
_axvi, 506 p. : _bill. ; _c24 cm. |
||
| 500 | _aIncludes index. | ||
| 650 | 0 |
_aC _a (Computer program language) _920916 |
|
| 700 | 1 |
_aHaro-Chun, Wendy. _920917 |
|
| 942 |
_cBB _k005.133 FOX _2ddc |
||
| 999 |
_c474 _d474 |
||